LDR 00623naa#a2200169#i#450# 001 EN\\bibl\121016 005 20260516171259.6 011 ## _a1998-6785 100 ## _a20220921b2022####ek#y0engy0150####ca 102 ## _aRU 200 1# _aFar Eastern Odyssey of Vladimir Arseniev: the experience of visual and anthropological research _eJournal article 210 1# _aVladivostok _cVladivostok State University _d2022 215 ## _a12 с. 608 ## _aJournal article _2local 675 ## _aЭтнография. Нравы. Обычаи. Жизнь народа. Фольклора. 39 _z 700 #1 _aGolovnev _gIvan Andreevich 856 4# _avvgu.editorum.ru _u